000
00312nam a2200121Ia 4500
008
190722s9999 xx 000 0 und d
020
_a
978-0-558-54691-5
100
_a
Elaine N.Marieb
245
0
_a
Human Anatomy and Physiology
260
_a
New York
_b
Learning Solutions
_c
2010
300
_a
1114
942
_c
BK
999
_c
1202
_d
1202